| 000 | 00707nam a2200193 i 4500 | ||
|---|---|---|---|
| 001 | bg | ||
| 100 | 1 | _aGRACZYK, Magdalena | |
| 245 | 0 |
_aAutarkia energetyczna procesów stabilizacji osadów ściekowych / _cMagdalena Graczyk. |
|
| 260 |
_aZielona Góra : _bWydaw. Uczelniane WSI, _c1984. |
||
| 300 |
_a122, [1] s. : _brys., wykr. ; _c24 cm. |
||
| 490 | 1 |
_aMonografia / Wyższa Szkoła Inżynierska im. Jurija Gagarina w Zielonej Górze ; _v28 |
|
| 504 | _aBibliogr. s. 113-118. | ||
| 830 | 0 |
_aMonografia (Wyższa Szkoła Inżynierska im. Jurija Gagarina w Zielonej Górze) ; _v28 |
|
| 040 | _cBPK | ||
| 041 | _apol | ||
| 080 | _a628.3:621.31 | ||
| 942 | _cKS | ||
| 008 | s pl f |000 0 pol | ||
| 999 |
_c28309 _d28309 |
||
| 856 |
_uhttp://koha.tu.koszalin.pl/cgi-bin/koha/opac-detail.pl?biblionumber=28309 _yKatalog online BPK |
||